LIBRARY & INFORMATION CENTRE, KCAET, TAVANUR

ONLINE PUBLIC ACCESS CATALOGUE (OPAC)

Modern methods for quality control and improvement / (Record no. 11289)

MARC details
000 -LEADER
fixed length control field 00603cam a2200217ua 4500
020 ## - INTERNATIONAL STANDARD BOOK NUMBER
ISBN 9812-53-039-8
041 ## - LANGUAGE CODE
Language code of text/sound track or separate title eng
082 ## - DEWEY DECIMAL CLASSIFICATION NUMBER
Classification number 658.562
Item number WAD/MO
100 ## - MAIN ENTRY--AUTHOR NAME
Personal name Wadsworth, Harrison M .
245 ## - TITLE STATEMENT
Title Modern methods for quality control and improvement /
250 ## - EDITION STATEMENT
Edition statement 2 /
260 ## - PUBLICATION, DISTRIBUTION, ETC. (IMPRINT)
Place of publication Singapore :
Name of publisher John Wiley & Sons ,
Year of publication 2004.
300 ## - PHYSICAL DESCRIPTION
Number of Pages 683 ; .
500 ## - GENERAL NOTE
General note ** Reference
700 1# - ADDED ENTRY--PERSONAL NAME
Personal name Godfrey, A Blanton .
700 1# - ADDED ENTRY--PERSONAL NAME
Personal name Stephens, Kenneth S .
942 ## - ADDED ENTRY ELEMENTS (KOHA)
Koha item type Books
Holdings
Withdrawn status Lost status Damaged status Home library Current library Date acquired Full call number Accession Number Koha item type
      KAUAET KAUAET 07/04/2012 658.562 20834 Reference
free website counter